Negra /

Guardat en:
Dades bibliogràfiques
Autor principal: Guerra, Wendy (autor)
Format: Llibre
Idioma:espanyol
Publicat: Barcelona, España : México : Anagrama ; Colofón, 2013, c2013
Col·lecció:(Narrativas Hispánicas ; 521)
Matèries:
Etiquetes: Afegir etiqueta
Sense etiquetes, Sigues el primer a etiquetar aquest registre!

MARC

LEADER 00000nam^a2200000^a^4500
001 000337691
005 20250521000000.0
008 090113 20132013
009 20260526141011.924
020 |a 978-968-867-803-9 
037 |a Acervo ITESO - Biblioteca 
041 |a ESP 
082 |a 863.  |b GUE 
100 |a Guerra, Wendy  |e (autor) 
245 1 0 |a Negra /  |c W. Guerra. 
264 4 |a Barcelona, España :  |b Anagrama ;  |a México :  |b Colofón,  |c 2013, c2013 
300 |a 320 p. 
336 |a texto  |b txt  |2 rdacontenido 
337 |a sin mediación  |b n  |2 rdamedio 
338 |a volumen  |b nc  |2 rdasoporte 
440 1 |a (Narrativas Hispánicas ;  |v 521) 
545 0 |a Nacida en La Habana en 1970, Wendy Guerra es una de las escritoras y artistas cubanas más emblemáticas de las nuevas generaciones. Con formación en dirección de cine, radio y televisión en el Instituto Superior de Arte y en guionismo en la Escuela de San Antonio de los Baños, Platea oscura (1987), su primer libro de poesía, le valió un premio de la universidad de su ciudad natal. Confirmada como una gran poeta con Cabeza rapada (1994), luego comenzó a incursionar en la narrativa con Todos se van (2006) y Nunca fui Primera Dama (2008), a los que siguieron Posar desnuda en La Habana: diario apócrifo de Anais Nin (2010), Negra (2013), Domingo de Revolución (2016) y El mercenario que coleccionaba obras de arte (2018), entre otros títulos. Aunque su escritura, con marcas autobiográficas evidentes, es vista como la crónica de una generación, ella no la percibe así y habla de una estética y una perspectiva autoral que beben más bien de las artes plásticas. Obtuvo el Premio Nacional Letras Cubanas 1994 y el I Premio Bruguera 2006, además de que ha sido beneficiada con becas diversas para la escritura, por parte de la UCLA, la New York Cuban Foundation y la Foundation Gilbert Brownstone, entre otras. 
649 |a XX 
650 |a Negros en Cuba 
650 |a Negros en la Literatura 
650 |a Novela Cubana 
650 |a Literatura Cubana -  |y Siglo XXI 
650 |a Literatura de Mujeres -  |z Cuba 
910 |a Fondo General 
920 |a Impresos - Libros 
930 |a Colección General 
940 |a Literatura 
905 |a 101 
901 |a 0500227665  |b IT1  |c LIT  |i C139547  |u 20250521 
902 |a https://opac.biblio.iteso.mx/vufind/Record/000337691